Your next great stock : How to screen the market for tomorrow’s top performers

Đã lưu trong:
Bibliografiske detaljer
Hovedforfatter:  Hough, Jack
Format: Sách
Sprog:Undetermined
Udgivet:  John Wiley & Sons  2008
Fag:
Tags: Tilføj Tag
Ingen Tags, Vær først til at tagge denne postø!
Thư viện lưu trữ: Trung tâm Thư viện - Trường Đại học Công nghiệp TP. Hồ Chí Minh
LEADER 00514nam a2200157Ia 4500
001 UIH_04232
008 231011s9999 xx 000 0 und d
082 |a  332.632 
100 |a  Hough, Jack 
245 0 |a  Your next great stock : How to screen the market for tomorrow’s top performers 
245 0 |c  Hough, Jack 
260 |b  John Wiley & Sons 
260 |c  2008 
650 |a  Đầu tư;  
927 |a Sách 
980 |a Trung tâm Thư viện - Trường Đại học Công nghiệp TP. Hồ Chí Minh